| 000 | 00907nam a2200265 i 4500 | ||
|---|---|---|---|
| 003 | IT-RoINE | ||
| 005 | 20220301090720.0 | ||
| 008 | 210521s2021 sp a |r|||| 001 |dspa d | ||
| 020 | _a9788417945473 | ||
| 040 |
_aSpMaBN _bspa _cSpMaBN IT-RoINE _erda _dIT-RoINE |
||
| 100 |
_aGarcía Simón, Agustín, _d1953- _911692 |
||
| 245 | 1 | 0 |
_aDon Álvaro de Luna (1390-1453) : _bla tragedia de un precursor / _cAgustín García Simón |
| 260 |
_aMadrid : _bMarcial Pons Historia, _c2021. |
||
| 300 |
_a295 p. : _bil. ; _c22 cm |
||
| 336 |
_aTexto _2rdacontent |
||
| 337 |
_2rdamedia _aunmediated |
||
| 338 |
_2rdacarrier _avolume |
||
| 490 | 1 | _aObras singulares | |
| 500 | _aIncluye índice. | ||
| 504 | _aBibliografía: p. 281-286. | ||
| 600 | 1 | 4 |
_aLuna, Alvaro de, _dca. 1381-1453 _963483 |
| 651 | 4 |
_aCastilla (Reino) _xHistoria _y1406-1454 (Juan II) _97296 |
|
| 830 | 0 |
_aObras singulares _970943 |
|
| 942 | _cMTS | ||
| 999 |
_c36614 _d36614 |
||